00932 2200313 4500001002100000005001500021035002000036007000300056008004100059020002200100082001200122084001400134100002800148245005400176250003400230300006500264650002000329700003200349264003200381336002100413337003000434338002300464040002200487090002200509850001200531504003100543999002200574990002200596INLIS00000000088525920240326085151 a0010-0324000689ta240326s2024 yoia g ind d a978-623-02-7834-104223a532 a532 EDY m0 aEdy YuliantoePengarang10aMekanika fluida /cEdy Yulianto, Arif Krisbudiman aCetakan pertama, Januari 2024 axiv, 61 halaman :bilustrasi, gambar, grafik, tabel ;c23 cm 4aMekanika fluida0 aArif KrisbudimanePengarang31aSleman :bDeepublish,c2024 2rdacontentateks 2rdamediaatanpa perantara 2rdacarrieravolume aYOPDYOGbinderda aCB-D.11 2024-0214 aYOPDYOG aBibliografi: halaman 59-61 aCB-D.11/2024-0214 aCB-D.11/2024-0214